00882nam a2200217 a 4500001001000000003000500010005001700015008004100032010001100073011001100084040000900095100003100104245017100135260004100306500006000347502007900407650002900486650004900515650003000564856007000594000114492CHAP20220329144443.0180206s2017 mx a fsm |||||||spa d a110953 a111925 cCHAP1 aLandero Becerra, Alejandro10aComparación física y química poscosecha de seis híbridos comerciales de pimiento morrón (Capsicum annuum L.) /h[En línea]cpor Alejandro Landero Becerra. aChapingo, Méx. :bEl autor,c2017. aPara ver el contenido del material haga clic en la liga aTesis (Agr. en Horticultura Protegida) -- UACH. Departamento de Fitotecnia14aChile pimientoxCalidad.14aChile pimientoxFisiología y morfología.14aChile pimientoxMercadeo. aFinding aiduhttp://10.13.5.2/tesis/sist114492.pdfzTeclea aquí